Normal view
MARC view
Entry Geographic Name
001 - CONTROL NUMBER
- control field: 38460
003 - CONTROL NUMBER IDENTIFIER
- control field: ARRUPE
005 - DATE AND TIME OF LATEST TRANSACTION
- control field: 20180112123109.0
008 - FIXED-LENGTH DATA ELEMENTS
- fixed length control field: 180112|| aca||aabn | a|a d
040 ## - CATALOGING SOURCE
- Original cataloging agency: ARRUPE
- Transcribing agency: ARRUPE
151 ## - HEADING--GEOGRAPHIC NAME
- Geographic name: Portugal
- General subdivision: Colonies
- General subdivision: Civilization.
670 ## - SOURCE DATA FOUND
- Source citation: Work cat.: (ARRUPE)0: Freyre, Gilberto, 1900-1987. 38459, The Portuguese and the tropics;, 1961.